Návrh elektrického skateboardu z uhlíkových vlákien

Salvato in:
Dettagli Bibliografici
Autore principale: Bukovčák, Dominik (Autore)
Altri autori: Pätoprstý, Boris (Relatore della tesi)
Natura: Manoscritto Libro
Lingua:slovacco
Pubblicazione: 2025
Soggetti:
Accesso online:http://is.stuba.sk/zp/portal_zp.pl?podrobnosti=176949
Tags: Aggiungi Tag
Nessun Tag, puoi essere il primo ad aggiungerne!!

MARC

LEADER 00000ntm a22000003a 4500
001 stuzp104088
003 SK-STU
005 20250628211214.1
007 ta
008 150427s2015----xo-----f-mn---000-0-slo-d
040 |a STU  |b slo 
041 0 |a slo 
100 1 |a Bukovčák, Dominik  |u 063000  |4 aut  |U MTF Materiálovotechnologická fakulta  |T MTF Ústav výrobných technológií  |X 121998  |U M3000  |Y 83  |7 121998 
242 0 1 |a Design of electric skateboard made of carbon fiber  |y eng 
245 1 0 |a Návrh elektrického skateboardu z uhlíkových vlákien 
260 |c 2025 
650 4 |a CNC frézovanie  |2 slo 
650 4 |a 3D tlač  |2 slo 
650 4 |a kompozit z uhlíkových vlákien  |2 slo 
650 4 |a CNC milling  |2 eng 
650 4 |a 3D printing  |2 eng 
650 4 |a carbon fiber composite  |2 eng 
700 1 |a Pätoprstý, Boris  |u 063200  |k Z2  |4 ths  |U MTF Ústav výrobných technológií  |T MTF Katedra obrábania a počítačovej podpory technológií  |X 71556  |U M3200  |Y 164  |7 71556 
856 4 |u http://is.stuba.sk/zp/portal_zp.pl?podrobnosti=176949 
996 |c M* BP-9891  |l MMSKP  |s P  |a 0  |w stuzp104088_0001